Normal view
MARC view
Entry Topical Term
001 - CONTROL NUMBER
- control field: 168917
003 - CONTROL NUMBER IDENTIFIER
- control field:
005 - DATE AND TIME OF LATEST TRANSACTION
- control field: 20210601192924.0
008 - FIXED-LENGTH DATA ELEMENTS
- fixed length control field: 210601|| aca||aabn | a|a d
040 ## - CATALOGING SOURCE
- Original cataloging agency:
- Transcribing agency:
150 ## - HEADING--TOPICAL TERM
- Topical term or geographic name entry element: Phase transformations (Statistical physics)
- Form subdivision: Congresses
670 ## - SOURCE DATA FOUND
- Source citation: Work cat.: (): International Symposium on Slow Dynamics in Complex Systems (8th : 1998 : Fukuoka-shi, Japan) 168912, Slow dynamics in complex systems :, c1999
